| 000 | 01653nam a2200121Ia 4500 | ||
|---|---|---|---|
| 008 | 220620s9999||||xx |||||||||||||| ||und|| | ||
| 245 | 0 | _aStructural Health Monitoring of Large Structures Using Acoustic Emission–Case Histories | |
| 546 | _aEnglish[eng] | ||
| 650 | _aacoustic emission||thermal cracking||asphalt pavements||embrittlement temperatures||recycled asphalt pavements||recycled asphalt shingles||cooling cycles||closed-form solution||outlier||time difference of arrival||weight estimation||structural diagnosis||attenuation||source location||sensing||signal processing||structural health monitoring||time series analysis||b-value||natural time||critical phenomena||reliability||structural integrity||crack growth||fatigue life prediction||uncertainty analysis||nondestructive testing||non-destructive testing||hydrotreater||bridge||high temperature||gas adsorber||rotary kiln||dragline||acoustic emission (AE)||non-destructive methods (NDT)||diagnostic methods||bridges||structural health monitoring (SHM)||acoustic emission swarm||2011 Tohoku earthquake||repeating earthquake||multiplet||crustal movement||optimized EEMD||2D-MUSIC||composite structure||impact localization||part qualification||structural design||composites||nondestructive evaluation (NDE)||in situ acoustic emission (AE) monitoring||mines||host rock||remote monitoring||corrosion||nuclear facilities||alkali-silica reaction||pattern recognition||confinement||damage evaluation||beam||vibration||high-rate dynamics||n/a | ||
| 700 | _aOno, Kanji||Shiotani, Tomoki||Wevers, Martine||Hamstad, Marvin A. | ||
| 856 | _uhttps://mdpi.com/books/pdfview/book/3117 | ||
| 942 | _cEB | ||
| 999 |
_c22842 _d22842 |
||